|
|
|
|
| LEADER |
00725nom a2200217 u 4500 |
| 001 |
10018365 |
| 003 |
upatras |
| 005 |
20210225080911.0 |
| 008 |
881025s1998 gre |
| 040 |
|
|
|a GR-PaULI
|c GR-PaULI
|
| 245 |
1 |
0 |
|a The kidney [οπτικός δίσκος]
|c edited by Barry M. Brenner
|
| 250 |
|
|
|a 5th edition
|
| 260 |
|
|
|c 1998
|
| 300 |
|
|
|a 1 CD-ROM
|
| 650 |
|
4 |
|a Νεφρολογία
|9 31795
|
| 650 |
|
4 |
|a Φυσιολογία
|9 7590
|
| 700 |
1 |
|
|a Brenner, Bary M.
|9 116766
|
| 852 |
|
|
|a GR-PaULI
|b ΠΑΤΡΑ
|b ΙΑΤΡΙΚΗ
|k CDMU
|h CD B
|m 33563
|t 1
|
| 942 |
|
|
|2 ddc
|c CDM
|
| 952 |
|
|
|0 0
|1 0
|4 0
|6 CD_B
|7 0
|9 171288
|a MEDI
|b MEDI
|d 2016-04-24
|i 33563
|l 0
|o CD B
|r 2016-04-24 00:00:00
|t 1
|w 2016-04-24
|y CDM
|
| 999 |
|
|
|c 107179
|d 107179
|